| 000 | 00836nam a22002297a 4500 | ||
|---|---|---|---|
| 999 |
_c15634 _d15634 |
||
| 003 | AR-CdUCM | ||
| 008 | 190429b ||||| |||| 00| 0 spa d | ||
| 040 |
_aMUNICIPALIDAD PROVINCIAL DEL CUSCO _cBIBLIOTECA MUNICIPAL DEL CUSCO |
||
| 082 |
_a616 / _bI44 /1964 |
||
| 100 |
_aPhilipps, Juan A. _934761 |
||
| 245 | _aInformaciones del departamento de bronco pulmonares del hospitales obrero de Lima / | ||
| 260 |
_aLima : _c1964. |
||
| 300 |
_a23 páginas ; _c28 cm. |
||
| 440 |
_aPublicaciones mensuales ; _n6 _934762 |
||
| 505 | _aContenido: Mesa redonda sobre terapia en la tuberculosis -- Conclusiones, recomendaciones y votos ... | ||
| 650 |
_aMedicina _93637 |
||
| 650 |
_aBronco pulmonares _934763 |
||
| 650 |
_aTuberculosis _921585 |
||
| 700 |
_aMolinari B. Leopoldo _934764 |
||
| 942 |
_2ddc _cLIBROS |
||
| 945 |
_aacv _d2019-04-29 |
||